000 00328 a2200157 4500
001 176552
020 _a
040 _cMagnum
100 _aLobato, Monteiro
240 1 0 _aA chave do tamanho
_lpor
245 1 0 _aA chave do tamanho
362 0 _a1899
440 1 _aBrasiliense
697 _aMAGNITO: IJ/CONTOS
942 _cBK
999 _c176552
_d176552